| 000 | 00375nam a22001217a 4500 | ||
|---|---|---|---|
| 008 | 230609b xxu||||| |||| 00| 0 eng d | ||
| 082 |
_a354.676 _bGOK |
||
| 110 | _bGOK | ||
| 245 |
_a2007/2008 Estimates of Development Expenditure of the GOk for the Year Endeing 30th June, 2008 _cvolume 2 (Votes D018-D46) |
||
| 260 |
_aKenya _bGoK _cJune, 2007 |
||
| 300 | _a909p | ||
| 942 |
_2ddc _cBK |
||
| 999 |
_c937 _d937 |
||